Ožijú výrobné pásy bývalých slovenských zbrojoviek?
Štátom riadené konverzné programy zaznamenali len 9-percentný prírastok výroby. Charakteristika výrobnej základne organizácií DMD Group. Prudký pokles produkcie zbraní a recesia strojárskej civilnej výroby. Plánované oblasti realizácie bývalých zbrojoviek. Nové projekty DMD holding. Stav zadlženosti...
Salvato in:
| Natura: | Capitolo di libro |
|---|---|
| Lingua: | slovacco |
| Soggetti: | |
| Tags: |
Nessun Tag, puoi essere il primo ad aggiungerne!!
|
MARC
| LEADER | 00000naa a2200000 4500 | ||
|---|---|---|---|
| 001 | r022822 | ||
| 005 | 20230921074109.4 | ||
| 041 | 0 | |a slo | |
| 044 | |a SK | ||
| 245 | 1 | 0 | |a Ožijú výrobné pásy bývalých slovenských zbrojoviek? |
| 520 | |a Štátom riadené konverzné programy zaznamenali len 9-percentný prírastok výroby. Charakteristika výrobnej základne organizácií DMD Group. Prudký pokles produkcie zbraní a recesia strojárskej civilnej výroby. Plánované oblasti realizácie bývalých zbrojoviek. Nové projekty DMD holding. Stav zadlženosti niektorých spoločností DMD Group. | ||
| 610 | 2 | 0 | |a Slovensko |
| 610 | 2 | 0 | |a priemysel strojársky |
| 610 | 2 | 0 | |a výroba strojárska |
| 610 | 2 | 0 | |a konverzia priemyslu |
| 610 | 2 | 0 | |a DMD Group |
| 610 | 2 | 0 | |a DMD Holding, a.s. Trenčín |
| 610 | 2 | 0 | |a zbrane |
| 610 | 2 | 0 | |a ukazovatele ekonomické |
| 610 | 2 | 0 | |a zadlženosť |